[Event "TUR-chT2"]
[Site "Konya"]
[Date "2017.07.12"]
[Round "6.16"]
[White "Yigin, Gorkem Necmi"]
[Black "Akyol, Sumeyye"]
[Result "0-1"]
[WhiteElo "1194"]
[BlackElo "1106"]
[PlyCount "60"]
[EventDate "2017.07.09"]
[EventType "team-swiss"]
[EventRounds "9"]
[EventCountry "TUR"]
[SourceTitle "CBM 179 Extra"]
[Source "ChessBase"]
[SourceDate "2017.08.23"]
[SourceVersion "1"]
[SourceVersionDate "2017.08.23"]
[SourceQuality "1"]
[WhiteTeam "Canakkale 1915"]
[BlackTeam "Ataturk Univ"]
[WhiteTeamCountry "TUR"]
[BlackTeamCountry "TUR"]

1. e4 e5 2. Nf3 Nc6 3. Nc3 Bc5 4. Bb5 Nf6 5. 0-0 0-0 6. d3 d6 7. Bg5 h6 8. Bh4 Be6 9. h3 Nd4 10. Ba4 c6 11. Bb3 Qe7 12. Bxe6 Qxe6 13. Nd2 d5 14. Bxf6 gxf6 15. exd5 cxd5 16. Re1 Kh7 17. Nb3 Rg8 18. Nxd4 Qxh3 19. Qf3 Rxg2+ 20. Qxg2 Rg8 21. Qxg8+ Kxg8 22. Nde2 Qg4+ 23. Ng3 Qf3 24. Rf1 Qxg3+ 25. Kh1 Qh3+ 26. Kg1 e4 27. dxe4 Bd6 28. f4 Bc5+ 29. Rf2 Qg3+ 30. Kh1 Bxf2 0-1

[Event "TUR-chT2"]
[Site "Konya"]
[Date "2017.07.11"]
[Round "4.13"]
[White "Yigin, Gorkem Necmi"]
[Black "Cansel, Erol"]
[Result "1/2-1/2"]
[WhiteElo "1194"]
[BlackElo "1419"]
[PlyCount "120"]
[EventDate "2017.07.09"]
[EventType "team-swiss"]
[EventRounds "9"]
[EventCountry "TUR"]
[SourceTitle "CBM 179 Extra"]
[Source "ChessBase"]
[SourceDate "2017.08.23"]
[SourceVersion "1"]
[SourceVersionDate "2017.08.23"]
[SourceQuality "1"]
[WhiteTeam "Canakkale 1915"]
[BlackTeam "Burhaniye"]
[WhiteTeamCountry "TUR"]
[BlackTeamCountry "TUR"]

1. e4 c6 2. d4 d5 3. exd5 cxd5 4. Bd3 Nc6 5. c3 Nf6 6. Bg5 e6 7. Nf3 Be7 8. Nbd2 Bd7 9. 0-0 h6 10. Bh4 0-0 11. Re1 a6 12. Ne5 Ne8 13. Nxc6 Bxc6 14. Bxe7 Qxe7 15. Nf3 Nd6 16. Ne5 Bb5 17. Bxb5 axb5 18. Nd3 Ra5 19. Nb4 Qf6 20. f3 Qg5 21. Qe2 Rfa8 22. Qf2 h5 23. Re5 Qg6 24. Qg3 Qxg3 25. hxg3 Nf5 26. Kf2 g6 27. a3 Ra4 28. Rh1 Kg7 29. Rhe1 Re8 30. Nxd5 Nd6 31. Ne3 b6 32. Nd1 Ra5 33. d5 Nc4 34. R5e2 e5 35. Ne3 Nxe3 36. Rxe3 b4 37. axb4 Rxd5 38. R1e2 f6 39. f4 Kf7 40. Re4 Ke6 41. c4 Rd3 42. fxe5 Kf5 43. Rf4+ Kg5 44. Rxf6 Rxe5 45. Rxg6+ Kxg6 46. Rxe5 Rb3 47. Re6+ Kf5 48. Rxb6 Rxb2+ 49. Kg1 Kg4 50. Kh2 Rb3 51. c5 Rxg3 52. Rg6+ Kh4 53. Rd6 Rg4 54. c6 Rxb4 55. c7 Rc4 56. Rg6 Rc2 57. Kg1 Rxc7 58. g3+ Kh3 59. Rg5 h4 60. gxh4 Kxh4 1/2-1/2